Countries Most Similar To Bahrain - Statistics

General Stats
  • This quiz has been taken 34 times
  • The average score is 15 of 20
Answer Stats
Rank Country Score % Correct
1 Qatar 86.6
100%
5 Saudi Arabia 77.3
92%
14 Yemen 63
92%
7 Iraq 69.2
88%
2 Kuwait 86.2
88%
4 Oman 82.9
88%
3 UAE 83.6
88%
8 Egypt 67.2
84%
13 Lebanon 63.6
84%
9 Libya 66.4
84%
17 Iran 59.3
80%
10 Syria 64.7
80%
12 Algeria 63.8
76%
6 Jordan 71.9
76%
15 Morocco 62.5
72%
11 Tunisia 64.6
72%
16 Palestine 62.4
56%
18 Israel 59.2
52%
19 Mauritania 56.8
52%
20 Brunei 56.1
32%
No matching quizzes found
Score Distribution
Percent of People with Each Score
Percentile by Number Answered
Your Score History
You have not taken this quiz